El tigre : Emilio Azcárraga y su imperio Televisa /

Primera biografía (no autorizada) del hombre de negocios más importante de México y al mismo tiempo, una historia del desarrollo de la televisión, la telenovela y la relación de los medios de comunicación masiva con el gobierno mexicano.

Guardado en:
Detalles Bibliográficos
Autor principal: Fernández, Claudia (autor)
Otros autores: Paxman, Andrew (autor) (autor)
Formato: Libro
Idioma:Español
Publicado: México : Grijalbo : Hoja Casa Editorial, 2000, c2000
Temas:
Etiquetas: Agrega una etiqueta
Sin etiquetas, Sé el primero en etiquetar este registro!

MARC

LEADER 00000nam^a2200000^a^4500
001 000141988
005 20250521000000.0
009 20260310095632.627
020 |a 970-05-1190-1 
037 |a Acervo ITESO - Biblioteca 
041 |a ESP 
082 |a 302. 2092  |b FER 
100 |a Fernández, Claudia  |e (autor) 
245 1 3 |a El tigre :  |b Emilio Azcárraga y su imperio Televisa /  |c C. Fernández, A. Paxman. 
264 4 |a México :  |b Grijalbo :  |b Hoja Casa Editorial,  |c 2000, c2000 
300 |a 542 p. 
336 |a texto  |b txt  |2 rdacontenido 
337 |a sin mediación  |b n  |2 rdamedio 
338 |a volumen  |b nc  |2 rdasoporte 
520 |a Primera biografía (no autorizada) del hombre de negocios más importante de México y al mismo tiempo, una historia del desarrollo de la televisión, la telenovela y la relación de los medios de comunicación masiva con el gobierno mexicano. 
649 |a XX 
650 |a Empresarios Mexicanos -  |x Biografías -  |x Tema Principal 
650 |a Telenovelas -  |z México -  |x Historia 
650 |a Noticieros -  |z México -  |x Historia 
650 |a Prensa -  |z México -  |x Historia 
650 |a Noticieros -  |z México -  |x Historia 
650 |a Radio -  |z México -  |x Historia -  |y 1946-2000 
650 |a Televisión -  |z México -  |x Historia -  |y 1946-2000 
650 |a Radio -  |z México -  |x Historia -  |y Siglo XX 
650 |a Televisión -  |z México -  |x Historia -  |y Siglo XX 
650 |a Medios de Comunicación -  |z México -  |x Historia -  |y 1946-2000 
650 |a Comunicación Masiva -  |z México -  |x Historia -  |y 1946-2000 
650 |a Medios de Comunicación y Estado -  |z México -  |x Historia 
650 |a Transnacionales -  |z México -  |x Historia 
650 |a Alianzas Estratégicas y Clusters -  |z México 
650 |a Comunicación y Política -  |z México -  |x Historia 
650 |a México -  |x Historia -  |y 1946-2000 
650 |a Azcárraga Milmo, Emilio 
700 |a Paxman, Andrew  |e (autor) 
910 |a Fondo General 
920 |a Impresos - Libros 
930 |a Colección General 
905 |a 101 
901 |a 0500070727  |b IT1  |c ACC  |u 20250521 
901 |a 0500104370  |b IT1  |c ACC  |u 20250521 
902 |a https://opac.biblio.iteso.mx/vufind/Record/000141988